| 000 | 00888nam a22002177a 4500 | ||
|---|---|---|---|
| 999 |
_c7491 _d7491 |
||
| 003 | AR-CdUCM | ||
| 008 | 190320b ||||| |||| 00| 0 spa d | ||
| 040 |
_aMUNICIPALIDAD PROVINCIAL DEL CUSCO _cBIBLIOTECA MUNICIPAL DEL CUSCO |
||
| 082 |
_a671.521 / _bN55 |
||
| 100 |
_aNiese, Hans _921129 |
||
| 245 | _aSoldadura Electrica / | ||
| 260 |
_aMéxico : _bUnion Tipografica Editorial Hispano Americana , _c1993. |
||
| 300 |
_a163 páginas ; _c17.5 cm. |
||
| 505 | _aContenido : Clasificacion de los metodos de soldadura -- Soldadura -- Máquinas y dispositivo para la soldadura por arco -- Dispositivos auxiliares de soldadura -- Comportamiento de diversos aceros en la solsadura... | ||
| 650 |
_aSoldaduras _921130 |
||
| 650 |
_aSoldaduras y Construccion _921131 |
||
| 650 |
_aTecnicas de la Construccion _921132 |
||
| 700 |
_aDienst, Hans _921133 |
||
| 942 |
_2ddc _cLIBROS |
||
| 945 | _artm | ||